Estatísticas para Cultura Geral

Clique aqui para jogar o quiz

Estatísticas Gerais

  • Esse quiz foi jogado 8 vezes
  • A pontuação média é 6 de 15

Estatísticas das Respostas

HintResposta% Correto
Qual é o feminino de leão?Leoa
100%
Qual é a estrela central do Sistema Solar?Sol
100%
Como se chama o mamífero que pertencente à família dos cavalos, com uma pelagem branca e com listras pretas?Zebra
80%
Que nome damos á junção das atividades da agricultura e pecuária?Agropecuária
60%
Que tipo de embarcação foi inventada pelos portugueses durante a Era dos Descobrimentos, nos séculos XV e XVI?Caravela
60%
Que nome damos a uma grande porção de terra que se estende acima do terreno circundante, geralmente sob a forma de um pico?Montanha
40%
Que nome damos á superfície usada para explorar a força do vento gerando propulsão para uma embarcação?Vela
40%
Que nome damos ao conjunto das zonas marítimas que não se encontram sob jurisdição de nenhum estado?Alto-mar
20%
Que instrumento naval antigo, é usado para medir a altura dos astros acima do horizonte?Astrolábio
20%
Que nome damos á condição em que se verificam problemas de saúde como resultado de uma dieta com consumo insuficiente ou excessivo de nutrientes?Desnutrição
20%
Que nome damos á quantidade de vapor de água no ar?Humidade
20%
Que nome damos a um grande alagamento resultado de fortes chuvas e/ou tempestades?Inundação
20%
Que nome damos á divisão de um grande espaço territorial, com critérios previamente estabelecidos, em áreas menores?Regionalização
20%
Que nome damos á medida da quantidade de sal existente em massas de água naturais?Salinidade
20%
Que nome damos a um bioma caracterizado pela vegetação gramínea com árvores e arbustos esparsos?Savana
0%

Distribuição das Pontuações

Percentil de Números Respondidos

Porcentagem de Pessoas com Cada Pontuação

Sua Pontuação Histórica

Você não jogou esse quiz